| 000 | 00487nam a2200157 i 4500 | ||
|---|---|---|---|
| 001 | 21294 | ||
| 003 | ES-MaACL | ||
| 005 | 20230906152444.0 | ||
| 007 | t| | ||
| 008 | 021122s1943 sp ||||1| spa d | ||
| 100 | 1 |
_aAlberca Lorente, Román. _919266 |
|
| 245 | 1 | 0 |
_aInfecciones del sistema nervioso _b: neuraxitis ectotropas / _cRomán Alberca Lorente. |
| 260 |
_aMadrid : _bEdiciones Morata, _c1943 ( _fAldus) |
||
| 300 |
_aXXVII, 424 p. ; _c24 cm. |
||
| 852 |
_aES-MaACL _jE-822 _bR.20211 |
||
| 999 |
_c21294 _d21294 |
||